000 00937nam a2200265Ia 4500
003 OSt
005 20220923211538.0
006 a|||||r|||| 00| 0
007 ta
008 220922b |||||||| |||| 00| 0 pan d
020 _a9789382852766 (pbk)
_c80
024 _a349,509
037 _b177, 15/02/2019, National Book Shop
_cTextual
040 _aARTS
_cARTS
_bpan
041 _2pan
_apan
082 _aV2:51y7N07, 153Q4
100 _aਪਰਵਾਨਾ, ਬਲਬੀਰ, ਥਦ.
245 0 _aFਹੀਦ ਭਗਤ ਸਿੰਘ ਵਿਚਾਰਧਾਰਾ
260 _aਲੁਧਿਆਨਾ
_b ਚੇਤਨਾ ਪ੍ਰਕਾFਨ
_c2014
300 _a110ਪ੍ਰ0
_ccm.
650 _a ਭਗਤ ਸਿੰਘ
650 _aਇਤਿਹਾਸ
_9156320
942 _hV2:51y7N07, 153Q4
_cTEXL
_2CC
999 _c300644
_d300644